Els Turcs al Friül / (Record no. 137399)

MARC details
000 -CABECERA
campo de control de longitud fija 02700nam a22004574i 4500
001 - NÚMERO DE CONTROL
campo de control 991061739678906706
003 - IDENTIFICADOR DEL NÚMERO DE CONTROL
campo de control ES-BaIT
005 - FECHA Y HORA DE LA ÚLTIMA TRANSACCIÓN
campo de control 20260424091232.0
008 - DATOS DE LONGITUD FIJA--INFORMACIÓN GENERAL
campo de control de longitud fija 260330e202510 spc|||||r|||||||| d cat|c
017 ## - NÚMERO DE COPYRIGHT O DE DEPÓSITO LEGAL
Número de copyright o de depósito legal DL PM 921-2025
Agencia que asigna Oficina DL Palma
020 ## - NÚMERO INTERNACIONAL ESTÁNDAR DEL LIBRO
Número Internacional Estándar del Libro 9788410377684
040 ## - FUENTE DE LA CATALOGACIÓN
Centro catalogador/agencia de origen ES-BaIT
Lengua de catalogación cat
Normas de descripción rda
Centro/agencia transcriptor ES-BaIT
041 1# - CÓDIGO DE LENGUA
Código de lengua del texto/banda sonora o título independiente cat
Código de lengua original ita
043 ## - CÓDIGO DE ÁREA GEOGRÁFICA
Código de área geográfica e-ita---
080 ## - NÚMERO DE LA CLASIFICACIÓN DECIMAL UNIVERSAL
Número de la Clasificación Decimal Universal 850-2"19"
100 1# - ENTRADA PRINCIPAL--NOMBRE DE PERSONA
Nombre de persona Pasolini, Pier Paolo,
Fechas asociadas al nombre 1922-1975
Término indicativo de función/relación autor
9 (RLIN) 38083
240 1# - TÍTULO UNIFORME
Título uniforme Turcs tal friùl.
Lenguaje de la obra Català
9 (RLIN) 169296
245 14 - MENCIÓN DE TÍTULO
Título Els Turcs al Friül /
Mención de responsabilidad, etc. Pier Paolo Passolini ; traducció: d'Adrià Martín Mor ; pròleg a aquesta edició: Bernat Reher ; prefaci: Giorgio Agamben ; nota preliminar: Graziella Chiarcossi ; traducció del prefaci i de la nota preliminar: Marina Laboreo
250 ## - MENCIÓN DE EDICIÓN
Mención de edición Primera edició
264 #1 - PRODUCCIÓN, PUBLICACIÓN, DISTRIBUCIÓN, FABRICACIÓN Y COPYRIGHT
Producción, publicación, distribución, fabricación y copyright Mallorca :
Nombre del de productor, editor, distribuidor, fabricante Lleonard Muntaner Editor,
Fecha de producción, publicación, distribución, fabricación o copyright octubre de 2025
300 ## - DESCRIPCIÓN FÍSICA
Extensión 93 pàgines;
Dimensiones 20 cm
336 ## - TIPO DE CONTENIDO
Término de tipo de contenido text
Código de tipo de contenido txt
Fuente rdacontent
337 ## - TIPO DE MEDIO
Nombre/término del tipo de medio sense mediació
Código del tipo de medio n
Fuente rdamedia
338 ## - TIPO DE SOPORTE
Nombre/término del tipo de soporte volum
Código del tipo de soporte nc
Fuente rdacarrier
490 1# - MENCIÓN DE SERIE
Mención de serie Teatre ;
Designación de volumen o secuencia 39
500 ## - NOTA GENERAL
Nota general P15: D2, H13 i altres
500 ## - NOTA GENERAL
Nota general Traducció de: I Turcs tal friùl
520 ## - SUMARIO, ETC.
Sumario, etc. "Els Turcs al Friül és una obra de teatre històric que presenta una Cjasarse (localitat on es varen refugiar els germans Pasolini amb la mare) que fusiona dos moments històrics diferents però semblants: el context de destrucció i control per part de l’ocupació alemanya durant la segona guerra mundial i la tèrbola situació de l’any 1499 quan, poc després de la caiguda de Constantinoble, els turcs provinents dels Balcans representaven una autèntica amenaça amb atacs continuats contra la República de Venècia. Amb el temps, Els Turcs al Friül ha esdevingut un text enigmàtic que mostra determinats temes i aspectes que Pasolini desenvolupa i dissemina anys més tard. A través d’aquestes pàgines, l’escriptor construeix un autèntic monument de paraules amb una poderosa força simbòlica i lírica." -- Contracoberta
650 #4 - PUNTO DE ACCESO ADICIONAL DE MATERIA--TÉRMINO DE MATERIA
Término de materia o nombre geográfico como elemento de entrada Guerra Mundial II, 1939-1945
Subdivisión de forma Textos dramàtics
9 (RLIN) 67051
651 #0 - PUNTO DE ACCESO ADICIONAL DE MATERIA--NOMBRE GEOGRÁFICO
Nombre geográfico Itàlia
Subdivisión general Història
Subdivisión cronológica 1943-1945, Ocupació alemanya
Subdivisión de forma Textos dramàtics
9 (RLIN) 167349
651 #0 - PUNTO DE ACCESO ADICIONAL DE MATERIA--NOMBRE GEOGRÁFICO
Nombre geográfico Itàlia
Subdivisión general Història
Subdivisión cronológica 1492-1559
Subdivisión de forma Textos dramàtics
9 (RLIN) 167350
700 1# - ENTRADA AGREGADA--NOMBRE PERSONAL
Nombre de persona Martín Mor, Adrià
Término indicativo de función/relación traductor
9 (RLIN) 169297
700 1# - ENTRADA AGREGADA--NOMBRE PERSONAL
Nombre de persona Reher Fernàndez, Bernat
Término indicativo de función/relación escriptor d'un pròleg
9 (RLIN) 159043
700 ## - ENTRADA AGREGADA--NOMBRE PERSONAL
Nombre de persona Agamben, Giorgio,
Fechas asociadas al nombre 1942-
Término indicativo de función/relación escriptor d'un prefaci
9 (RLIN) 123169
700 1# - ENTRADA AGREGADA--NOMBRE PERSONAL
Nombre de persona Chiarcossi, Graziella
Término indicativo de función/relación escriptor d'un text afegit
9 (RLIN) 169298
700 ## - ENTRADA AGREGADA--NOMBRE PERSONAL
Nombre de persona Laboreo Roig, Marina
Término indicativo de función/relación traductor
9 (RLIN) 150530
830 ## - PUNTO DE ACCESO ADICIONAL DE SERIE-TÍTULO UNIFORME
Título uniforme Teatre (Lleonard Muntaner)
Designación de volumen o secuencia 39
9 (RLIN) 108960
908 ## - COLOCAR PARÁMETRO DE COMANDO (RLIN)
Colocar parámetro de comando CDMAE
940 ## - EQUIVALENCIA O REFERENCIA-CRUZADA--TÍTULO UNIFORME [OBSOLETO] [solamente CAN/MARC]
Título uniforme <a href="CVA2">CVA2</a>
942 ## - ELEMENTOS DE ENTRADA AGREGADA (KOHA)
Fuente del sistema de clasificación o colocación Clasificación decimal universal
Tipo de ítem Koha Llibre
Holdings
Estado de retiro Estado de pérdida Fuente del sistema de clasificación o colocación Estado dañado No para préstamo Localización permanente Ubicación/localización actual Ubicación en estantería Fecha de adquisición Fuente de adquisición Total de préstamos Signatura topográfica completa Código de barras Fecha visto por última vez Precio válido a partir de Tipo de ítem Koha
    Clasificación decimal universal   Exclòs de préstec Biblioteca Barcelona Biblioteca Barcelona BCN Magatzem Fons N 24/04/2026 Compra   N- 1900090047 24/04/2026 24/04/2026 Llibre
    Clasificación decimal universal     Biblioteca Barcelona Biblioteca Barcelona BCN Lliure Accés 24/04/2026 Compra   850 PAS tur 1900090048 24/04/2026 24/04/2026 Llibre

Powered by Koha